| 000 | 00987cam a22003014a 4500 | ||
|---|---|---|---|
| 001 | 16001196 | ||
| 003 | OSt | ||
| 005 | 20140310182837.0 | ||
| 008 | 091130s2009 mdua 000 0 eng | ||
| 010 | _a 2009517997 | ||
| 020 | _a9780742557734 | ||
| 040 |
_aDLC _cDLC |
||
| 050 | 0 | 0 |
_aD 21 _b.H576 2009 |
| 082 |
_aM 909 _bH574 2009 |
||
| 100 | 1 | _aHertzel, David. | |
| 245 | 1 | 4 |
_aThe world history _cHertzel, David |
| 260 |
_aUnited Kingdom : _bRowman & Littlefield Publishers, Inc., _cc2009. |
||
| 300 |
_aix, 110 p : _bill. ; _c28 cm. |
||
| 505 | 0 | _av. 1 The ancient world to 1500 | |
| 521 | _aCollege Students | ||
| 526 | _c1210L-1700L | ||
| 541 |
_j1 _i1 |
||
| 562 | _e1 | ||
| 650 | 0 |
_aWorld history _vTextbooks. |
|
| 906 |
_a7 _bcbc _corignew _d3 _encip _f20 _gy-gencatlg |
||
| 942 |
_2lcc _cBK _kM |
||
| 999 |
_c16766 _d16766 |
||